00672cam a2200217 a 4500001000800000005001700008008004100025020003500066040001800101082002500119100002000144245006600164250001200230260004400242300001700286650002000303650001500323942000600338952009700344999001300441399634220240206002710.0960123s1996 enka b 001 0 eng  a0415129303 (pbk. : alk. paper) aDLCcDLCdDLC00a306.4/0941220bGRA.1 aTurner, Graeme.10aBritish cultural studies :ban introduction /cGraeme Turner. a2nd ed. aLondon ;aNew York :bRoutledge,c1996. avi, 258 p. : 0aPopular culture 0aMass media cL 001040708LaWERCLbWERCLd2024-02-06l0o306.4/0941 GRA.p2962r2024-02-06w2024-02-06yL c291d291